El tesoro público y el movimiento general de fondos (Registro nro. 6503)

Detalles MARC
000 -LEADER
fixed length control field 01577 a2200217 4500
001 - CONTROL NUMBER
control field 58880
005 - DATE AND TIME OF LATEST TRANSACTION
control field 20260407155843.0
008 - FIXED-LENGTH DATA ELEMENTS--GENERAL INFORMATION
fixed length control field 260407a1975 arg spa d
003 - CONTROL NUMBER IDENTIFIER
control field AR-UNSa-BCEJYS
040 ## - CATALOGING SOURCE
Original cataloging agency AR-UNSa-BCEJYS
Language of cataloging spa
Transcribing agency AR-UNSa-BCEJYS
080 ## - UNIVERSAL DECIMAL CLASSIFICATION NUMBER
Universal Decimal Classification number 353(46)
Common auxiliary subdivision Niveles medios de la administración. Administración regional. Administración provincial en España
020 ## - INTERNATIONAL STANDARD BOOK NUMBER
International Standard Book Number 84-7196-162-8
100 1# - MAIN ENTRY--PERSONAL NAME
Personal name Bloch-Laine, Francois
245 10 - TITLE STATEMENT
Title El tesoro público y el movimiento general de fondos
264 #1 - PRODUCTION, PUBLICATION, DISTRIBUTION, MANUFACTURE, AND COPYRIGHT NOTICE
Place of production, publication, distribution, manufacture Madrid :
Name of producer, publisher, distributor, manufacturer Instituto de Estudio Fiscales
Date of production, publication, distribution, manufacture, or copyright notice 1975
300 ## - PHYSICAL DESCRIPTION
Extent 395 p.
Dimensions 24 cm.
505 ## - FORMATTED CONTENTS NOTE
Formatted contents note 1. Formación histórica del Tesoro Público francés y su organización actual – Primera parte: Tesoro y finanzas públicas: 2. Ejecución de la Ley de Presupuestos – 3. Las relaciones de Tesorería – 4. Los empréstitos y la gestión de la deuda pública – 5. Clasificación y presentación de las operaciones del Tesoro – Segunda parte: Tesoro y actividades financieras: 6. El Tesoro banquero – 7. El Tesoro, tutor de los bancos y del mercado de valores mobiliarios – Tercera parte: El Tesoro y el sistema monetario: Título I: El Tesoro y los mecanismos monetarios: 8. Tesoro y circulación monetaria – 9. Tesoro y creación monetaria – Titulo II: Tesoro y política monetaria: 10. Elementos generales del equilibrio de la Tesorería Pública – 11. Fluctuaciones y previsiones de Tesorería – 12. Gestión de la Tesorería y política monetaria
590 ## - LOCAL NOTE (RLIN)
Local note niveau_biblio:m niveau_hierar:0
700 1# - ADDED ENTRY--PERSONAL NAME
Personal name De Vogüe, Pierre
942 ## - ADDED ENTRY ELEMENTS (KOHA)
Koha item type
Existencias
Withdrawn status Lost status Damaged status Not for loan Home library Current library Shelving location Date acquired Total checkouts Full call number Barcode Date last seen Price effective from Koha item type
        Biblioteca Prof. Eusebio Cleto del Rey Biblioteca Prof. Eusebio Cleto del Rey   07/04/2026   353(46) B651 L33412 07/04/2026 07/04/2026 Libro